[Event "Chicago 72/452"]
[Site "?"]
[Date "1998.??.??"]
[Round "?"]
[White "Chernin, Alexander"]
[Black "Yermolinsky, Alex"]
[Result "1/2-1/2"]
[WhiteElo "2645"]
[BlackElo "2660"]
[PlyCount "90"]
[EventDate "1998.??.??"]
[Source "ChessBase"]
[SourceDate "1998.02.01"]

1. d4 Nf6 2. c4 Nc6 3. Nf3 e6 4. g3 Bb4+ 5. Bd2 a5 6. Bg2 d5 7. Qc2 dxc4 8. Qxc4 Qd5 9. Qd3 O-O 10. Nc3 Qh5 11. a3 Bxc3 12. Bxc3 b6 13. O-O Ba6 14. Qc2 Rac8 15. Rfe1 Ne7 16. e4 c5 17. d5 exd5 18. Bxf6 gxf6 19. exd5 Nxd5 20. Nh4 Rce8 21. Qa4 Rd8 22. Bf3 Qg5 23. Ng2 Bd3 24. h4 Qf5 25. Be4 Bxe4 26. Rxe4 b5 27. Qc2 c4 28. Rae1 c3 29. bxc3 Rc8 30. Ne3 Nxe3 31. R1xe3 b4 32. axb4 axb4 33. c4 Rb8 34. Qb3 Rfd8 35. Rf4 Qd7 36. Kh2 f5 37. Ref3 Qd1 38. Rxf5 Qxb3 39. Rxb3 Rd4 40. c5 Rc4 41. Kg2 Rb5 42. Kh3 Rc3 43. Rb2 b3 44. Rf4 Rcxc5 45. Rf3 Rc2 1/2-1/2

[Event "Deizisau op"]
[Site "Deizisau"]
[Date "2000.??.??"]
[Round "5"]
[White "Bu Xiangzhi"]
[Black "Christiansen, Larry Mark"]
[Result "1-0"]
[WhiteElo "2565"]
[BlackElo "2596"]
[PlyCount "115"]
[EventDate "2000.??.??"]
[Source "www.chesslib.no"]
[SourceDate "2004.05.04"]

1. d4 Nf6 2. c4 Nc6 3. Nc3 e5 4. d5 Ne7 5. e4 Ng6 6. a3 Bc5 7. Bd3 a5 8. Rb1 d6 9. h3 O-O 10. b4 axb4 11. axb4 Ba7 12. g3 Ne8 13. Nf3 Bd7 14. Bg5 Qc8 15. g4 c6 16. Ne2 h6 17. Bd2 cxd5 18. cxd5 Qd8 19. Ng3 Bb6 20. O-O Nf4 21. Bxf4 exf4 22. Nh5 Nf6 23. Nxf4 Re8 24. Qc2 Rc8 25. Qb2 Nxe4 26. Nh5 Nc3 27. Rbc1 g6 28. Qd2 Ne2+ 29. Kg2 Rxc1 30. Qxh6 Nf4+ 31. Qxf4 Rxf1 32. Kxf1 gxh5 33. Qh6 f5 34. Qg6+ Kh8 35. gxf5 Rf8 36. Qxh5+ Kg8 37. Qg6+ Kh8 38. Qh6+ Kg8 39. f6 Rf7 40. Ng5 Bxh3+ 41. Nxh3 Qxf6 42. Bh7+ Kh8 43. Bg6+ Kg8 44. Bxf7+ Kxf7 45. Qh7+ Ke8 46. Qxb7 Qd4 47. Qc8+ Bd8 48. Qe6+ Be7 49. b5 Qd3+ 50. Kg2 Qxb5 51. Nf4 Qb2 52. Ng6 Qf6 53. Qxe7+ Qxe7 54. Nxe7 Kxe7 55. Kf3 Kf6 56. Kf4 Kg6 57. Kg4 Kf6 58. f4 1-0

[Event "Corsica op"]
[Site "?"]
[Date "1999.??.??"]
[Round "2"]
[White "Skembris Spyridon"]
[Black "Bologan Viktor"]
[Result "0-1"]
[WhiteElo "2477"]
[BlackElo "2620"]
[PlyCount "65"]
[EventDate "1999.??.??"]
[Source "www.chesslib.no"]
[SourceDate "2004.05.04"]

1. d4 Nf6 2. c4 Nc6 3. Nf3 e6 4. g3 Bb4+ 5. Bd2 Qe7 6. Nc3 O-O 7. Bg2 d6 8. O-O Bxc3 9. Bxc3 e5 10. Qc2 Bg4 11. Rad1 Rfc8 12. dxe5 dxe5 13. b3 a5 14. Ng5 h6 15. Ne4 Nd7 16. h3 Bf5 17. Qb2 Bg6 18. g4 f5 19. gxf5 Bxf5 20. Ng3 Be6 21. Bd5 Nf8 22. Qc2 Qh4 23. Qf5 a4 24. b4 a3 25. b5 Bxd5 26. cxd5 Nd4 27. Bxd4 exd4 28. Qg4 Qxg4 29. hxg4 Re8 30. Nh5 Re5 31. Rc1 Rxd5 32. Rxc7 Ne6 33. Rxb7 0-1

[Event "Tacoma"]
[Site "?"]
[Date "1991.??.??"]
[Round "?"]
[White "Seirawan Yasser"]
[Black "Orlov Georgi"]
[Result "0-1"]
[WhiteElo "2595"]
[BlackElo "2500"]
[PlyCount "76"]
[EventDate "1991.??.??"]
[Source "www.chesslib.no"]
[SourceDate "2004.05.04"]

1. d4 Nf6 2. c4 Nc6 3. Nf3 e6 4. Bf4 Bb4+ 5. Nbd2 d6 6. e3 e5 7. Bg5 h6 8. Bxf6 Qxf6 9. d5 Bxd2+ 10. Nxd2 Nb8 11. Bd3 O-O 12. O-O Na6 13. a3 e4 14. Nxe4 Qxb2 15. Rb1 Qe5 16. f4 Qe7 17. f5 f6 18. Rf4 Nc5 19. g4 Bd7 20. Qd2 b6 21. Ng3 Rae8 22. Re1 Qe5 23. Bf1 a6 24. e4 b5 25. cxb5 Bxb5 26. Bxb5 axb5 27. Rb1 Ra8 28. Rf3 Nxe4 29. Qb2 Qxd5 30. Qxb5 Qd4+ 31. Kg2 Ng5 32. Rd3 Qxg4 33. Qd5+ Kh8 34. Re3 Rae8 35. Rbe1 Re5 36. Qc6 Kh7 37. Qxc7 Qh3+ 38. Kh1 Nf3 0-1

[Event "WICC qual Moscow 25'+10"]
[Site "?"]
[Date "2002.04.19"]
[Round "6"]
[White "Shipov Sergei"]
[Black "Vlassov Nikolai"]
[Result "1/2-1/2"]
[WhiteElo "2630"]
[BlackElo "2454"]
[PlyCount "88"]
[EventDate "2002.??.??"]
[Source "www.chesslib.no"]
[SourceDate "2004.05.04"]

1. d4 Nf6 2. c4 Nc6 3. Nf3 e6 4. g3 Bb4+ 5. Bd2 Qe7 6. Nc3 O-O 7. Bg2 d6 8. O-O a5 9. Rc1 h6 10. a3 Bxc3 11. Bxc3 e5 12. d5 Nb8 13. c5 Re8 14. Nd2 Nbd7 15. b4 axb4 16. cxd6 cxd6 17. Bxb4 Nb6 18. e4 Bd7 19. Qe2 Rec8 20. Qe3 Na4 21. Nc4 Rxc4 22. Rxc4 Bb5 23. Rfc1 Bxc4 24. Rxc4 Qd8 25. Bh3 b6 26. Rc6 Nc5 27. Bg2 Ne8 28. f4 exf4 29. gxf4 Nf6 30. Bc3 Ra4 31. Bd4 Ng4 32. Qg3 Rxd4 33. Qxg4 Qe7 34. Rc8+ Kh7 35. Rb8 Rxe4 36. Bxe4+ Qxe4 37. Qg2 Qxf4 38. Rxb6 Qd4+ 39. Qf2 Qd1+ 40. Kg2 Qxd5+ 41. Qf3 Qe6 42. a4 Nxa4 43. Qd3+ g6 44. Rxd6 Qg4+ 1/2-1/2

[Event "Mosca RUS"]
[Site "?"]
[Date "2002.05.31"]
[Round "4"]
[White "Shipov Sergei"]
[Black "Vlassov Nikolai"]
[Result "1/2-1/2"]
[WhiteElo "2613"]
[BlackElo "2462"]
[PlyCount "37"]
[EventDate "2002.??.??"]
[Source "www.chesslib.no"]
[SourceDate "2004.05.04"]

1. d4 Nf6 2. c4 Nc6 3. Nf3 e6 4. g3 Bb4+ 5. Bd2 Qe7 6. Nc3 Bxc3 7. Bxc3 Ne4 8. Rc1 Nxc3 9. Rxc3 O-O 10. d5 Nd8 11. Bg2 d6 12. O-O e5 13. c5 f5 14. Nd2 Nf7 15. b4 Bd7 16. Qc2 a5 17. Rb1 axb4 18. Rxb4 Rfb8 19. a4 1/2-1/2

[Event "Corte Ingles op"]
[Site "?"]
[Date "1998.??.??"]
[Round "?"]
[White "Lezcano, Pedro"]
[Black "Epishin, Vladimir"]
[Result "1/2-1/2"]
[WhiteElo "2475"]
[BlackElo "2585"]
[PlyCount "90"]
[EventDate "1998.??.??"]
[Source "www.chesslib.no"]
[SourceDate "2004.05.04"]

1. d4 Nf6 2. c4 Nc6 3. Nf3 e6 4. Nc3 Bb4 5. Qc2 O-O 6. Bg5 h6 7. Bxf6 Qxf6 8. a3 Bxc3+ 9. Qxc3 d6 10. e3 e5 11. dxe5 dxe5 12. Bd3 Re8 13. Nd2 Bf5 14. Bxf5 Qxf5 15. f3 Rad8 16. Ne4 Qd7 17. O-O f5 18. Ng3 g6 19. Rfe1 a5 20. Qb3 b6 21. c5+ Qe6 22. Qxe6+ Rxe6 23. cxb6 cxb6 24. Red1 Red6 25. Rxd6 Rxd6 26. Rc1 Kf7 27. Kf1 Nd8 28. Ke2 Ne6 29. Nf1 Nc5 30. Nd2 Rxd2+ 31. Kxd2 Nb3+ 32. Kc2 Nxc1 33. Kxc1 Ke6 34. Kc2 Kd5 35. Kc3 g5 36. Kd3 Kc5 37. b3 h5 38. h3 b5 39. Kc3 Kd5 40. Kd3 e4+ 41. fxe4+ fxe4+ 42. Kc3 h4 43. b4 a4 44. Kd2 Ke6 45. Kc2 Kd5 1/2-1/2

[Event "PA"]
[Site "Philadelphia, PA USA"]
[Date "1991.??.??"]
[Round "?"]
[White "Savchenko, Stanislav"]
[Black "Yermolinsky, Alex"]
[Result "0-1"]
[WhiteElo "2485"]
[BlackElo "2575"]
[PlyCount "100"]
[EventDate "1991.??.??"]
[Source "www.chesslib.no"]
[SourceDate "2004.05.04"]

1. d4 Nf6 2. c4 Nc6 3. Nc3 e5 4. d5 Ne7 5. g3 Ng6 6. Bg2 Bb4 7. Bd2 O-O 8. e3 d6 9. Nge2 a5 10. O-O Nd7 11. e4 Nc5 12. Be3 f5 13. exf5 Bxf5 14. Nb5 Na6 15. Nec3 Bc5 16. Qd2 Bxe3 17. Qxe3 Nc5 18. Ne4 Bxe4 19. Bxe4 Nxe4 20. Qxe4 b6 21. Rae1 Rf7 22. h4 Qd7 23. Qg2 Raf8 24. Nc3 h6 25. b3 Ne7 26. Re4 Rf3 27. Re3 R3f7 28. Re4 Rf6 29. a4 Rf3 30. Re3 Qg4 31. Nd1 R3f6 32. Ree1 Qd4 33. Re4 Qd3 34. Re3 Qg6 35. g4 Rf4 36. Rg3 R8f7 37. h5 Qc2 38. Qh3 Kh8 39. Ne3 Qxb3 40. g5 Qxa4 41. gxh6 gxh6 42. Ng2 R4f6 43. Qg4 Qe8 44. Nh4 Qg8 45. Qd7 Rg7 46. Rxg7 Qxg7+ 47. Kh1 Ng8 48. Qd8 Qg4 49. Ng6+ Kg7 50. Rg1 Qh3# 0-1

[Event "PA"]
[Site "Philadelphia, PA USA"]
[Date "1991.??.??"]
[Round "?"]
[White "Rohde, Michael A"]
[Black "Orlov, Georgy"]
[Result "1-0"]
[WhiteElo "2550"]
[BlackElo "2500"]
[PlyCount "55"]
[EventDate "1991.??.??"]
[Source "www.chesslib.no"]
[SourceDate "2004.05.04"]

1. d4 Nf6 2. c4 Nc6 3. Nf3 e6 4. Nc3 Bb4 5. Bg5 h6 6. Bh4 g5 7. Bg3 Ne4 8. Rc1 d5 9. e3 h5 10. h3 Nxg3 11. fxg3 Bd6 12. Kf2 h4 13. g4 Bg3+ 14. Kg1 a6 15. Ne2 Bd6 16. c5 Bf8 17. g3 Qf6 18. Bg2 hxg3 19. Nxg3 Bd7 20. Qd2 O-O-O 21. b4 e5 22. Rf1 exd4 23. Nxd4 Qe5 24. Ngf5 f6 25. a4 a5 26. Nxc6 bxc6 27. Nd4 Re8 28. Rf3 1-0

[Event "USA (ch)"]
[Site "?"]
[Date "1995.??.??"]
[Round "?"]
[White "Browne, W."]
[Black "Orlov, G."]
[Result "1-0"]
[WhiteElo "2560"]
[BlackElo "2465"]
[PlyCount "111"]
[EventDate "1995.??.??"]
[Source "ChessBase"]
[SourceDate "1995.10.01"]

1. d4 Nf6 2. c4 Nc6 3. Nf3 e6 4. Nc3 Bb4 5. Qc2 d6 6. a3 Bxc3+ 7. Qxc3 O-O 8. b4 e5 9. dxe5 Nxe5 10. Nxe5 dxe5 11. Qxe5 Re8 12. Qb2 Ng4 13. Qc3 a5 14. Bb2 Qg5 15. h4 Qh6 16. Rd1 axb4 17. axb4 Ra6 18. Rh3 Rf6 19. Bc1 Qh5 20. f3 Ne5 21. g4 Nxg4 22. fxg4 Bxg4 23. Re3 Qxh4+ 24. Kd2 Ra8 25. Kc2 Bf5+ 26. Kb3 Be6 27. Bh3 Bxh3 28. Rxh3 Qg4 29. Rf3 Rxf3 30. exf3 Qg2 31. Bb2 h5 32. Qe3 f6 33. Rg1 Qh2 34. Rxg7+ Kxg7 35. Qg5+ Kf7 36. Qxf6+ Ke8 37. Qe6+ Kf8 38. Qf6+ Ke8 39. Qh8+ Kd7 40. Qxa8 Qd2 41. Qxb7 Qd1+ 42. Kc3 Qe1+ 43. Kb3 Qd1+ 44. Ka3 Qd3+ 45. Ka4 Qc2+ 46. Kb5 Qxb2 47. Qd5+ Kc8 48. Qa8+ Kd7 49. Qd5+ Kc8 50. Qxh5 Qf6 51. Qd5 Qb6+ 52. Ka4 Qa6+ 53. Kb3 Qa1 54. b5 Qb1+ 55. Kc3 Qc1+ 56. Kd4 1-0

[Event "WICC qual Dubai sf 25'+10"]
[Site "?"]
[Date "2001.09.27"]
[Round "3"]
[White "Rogozenko Dorian"]
[Black "Vlassov Nikolai"]
[Result "1-0"]
[WhiteElo "2548"]
[BlackElo "2461"]
[PlyCount "75"]
[EventDate "2001.??.??"]
[Source "www.chesslib.no"]
[SourceDate "2004.05.04"]

1. d4 Nf6 2. c4 Nc6 3. Nf3 e6 4. a3 g6 5. Nc3 Bg7 6. e4 d5 7. e5 Ne4 8. Bd3 Nxc3 9. bxc3 dxc4 10. Bxc4 Na5 11. Bd3 c5 12. Bg5 Qc7 13. Nd2 O-O 14. O-O cxd4 15. cxd4 Qc3 16. Ne4 Qxd4 17. Nf6+ Kh8 18. Re1 h6 19. Re4 Qc3 20. Rc1 Qb2 21. Rh4 Qxe5 22. Bxh6 Qxf6 23. Bg5+ Kg8 24. Bxf6 Bxf6 25. Rf4 Bg5 26. Qg4 Bxf4 27. Qxf4 Nc6 28. Qf6 Rd8 29. Rc3 e5 30. h4 Rxd3 31. Rxd3 Bg4 32. Rg3 Bd1 33. f3 Nd4 34. Kh2 Re8 35. h5 Re6 36. Qd8+ Kg7 37. h6+ Kh7 38. Qf8 1-0

[Event "Bucuresti"]
[Site "?"]
[Date "1993.??.??"]
[Round "?"]
[White "Kiselev, S."]
[Black "Nevednichy, V."]
[Result "1-0"]
[WhiteElo "2510"]
[BlackElo "2495"]
[PlyCount "115"]
[EventDate "1993.??.??"]
[Source "ChessBase"]
[SourceDate "1993.02.01"]

1. d4 Nf6 2. c4 Nc6 3. Nf3 e6 4. g3 Bb4+ 5. Bd2 Qe7 6. Nc3 O-O 7. Bg2 d6 8. O-O a5 9. Qc2 e5 10. dxe5 Nxe5 11. Nd5 Nxd5 12. cxd5 Bf5 13. Qxf5 Nxf3+ 14. Bxf3 Bxd2 15. a3 Bg5 16. b3 Ra6 17. Qd3 Rb6 18. Rfd1 g6 19. Rab1 Qd7 20. e3 Bf6 21. Qc2 Ra6 22. Rdc1 Rc8 23. Qc4 h5 24. Rc2 Be5 25. Kg2 Kg7 26. h3 Raa8 27. b4 axb4 28. axb4 Ra4 29. Rbc1 Rca8 30. Qxc7 Qxc7 31. Rxc7 Rxb4 32. Rd7 Rf8 33. Rcc7 b5 34. g4 h4 35. g5 Rb2 36. Bd1 Rd2 37. Bb3 Rb2 38. Bc2 b4 39. Kf1 b3 40. Be4 Ra2 41. f4 Ra4 42. Bd3 Bxf4 43. exf4 Rxf4+ 44. Ke2 Re8+ 45. Kd2 Re5 46. Rxd6 Rxg5 47. Rc4 Rg2+ 48. Kc3 Rf3 49. Rb6 Rc2+ 50. Kd4 Rd2 51. Rxb3 Rxh3 52. d6 Kf6 53. d7 Ke7 54. Rc7 g5 55. Ra7 Rhxd3+ 56. Rxd3 Rxd3+ 57. Kxd3 h3 58. d8=Q+ 1-0